000 02534cam a2200421 i 4500
001 0000649
003 DO-SdBNP
005 20171109102223.0
007 0000649
008 100514s 2003 sp a | 000 f spa
015 _a
017 _a
_b
020 _a9788497510141
035 _a
040 _aBPMSU
_bspa
_cBPMSU
_e
080 _a
082 4 _a371.914
_bA185d
100 1 _aAcosta Rodríguez, Víctor Manuel
245 1 0 _aDificultades del lenguaje, colaboración e inclusión educativa
_bmanual para logopedas, psicopedagogos y profesores /
_cVíctor Manuel Acosta Rodríguez, Ana M. Moreno Santana ; colaboradores Manuel almeida Suárez...[et.al] ;prólogo Carmen García Pastor
250 _aReimpr. 2010.
260 0 _aBarcelona :
_bArs Medica,
_bLexus,
_c2003.
300 _a265 p.:
_bil.
_c25 cm
490 _aComunicación, lenguaje y logopedia
500 _aIncluye índice alfabético de materias.
500 _aIncluye bibliografías
505 2 _tFunción social del lenguaje --
_tLa orientación psicolingüistica en el estudio del lenguaje --
_tEl lenguaje desde una teoría de la acción: de la teoría del significado a la teoría de la comunicación --
_tComunicación, lenguaje y poder: la dimensión relacional en el aula --
_tEl lenguaje oral como instrumento de mediación en la comunicación didáctica --
_tIntervención en el lenguaje en una escuela inclusiva --
_tIntervención colaborativa: logopedas y profesores trabajando juntos --
_tEl tratamiento de las dificultades del lenguaje desde la acción --
_tIdentificación y evaluación de los problemas del lenguaje en niños con dificultades comunicativas --
_tEvaluación del lenguaje. Contexto familiar y escolar --
_tProblemas del lenguaje: impacto en la alfabetización, el rendimiento escolar y la conducta --
_tInterpretación educativa del trastorno específico del lenguaje: consecuencias para la práctica en contextos escolares --
_tLenguaje oral y dificultades de aprendizaje --
_tAutismo, comunicación y educación --
_tÍndice alfabético de materias --
700 1 2 _aMoreno Santana, Ana M.
700 1 2 _aAlmeida Suárez, Manuel
_ecol.
700 1 2 _aÁlvarez Núñez, Quintín
_ecol.
700 1 2 _aBustos Guadaño, Eduardo de
_ecol.
700 1 2 _aRío, María José del
700 1 2 _aGarcía Pastor, Carmen
_eprol.
830 _aComunicación, lenguaje y logopedia
910 _aValidado. Control de callidad MFF
942 _2ddc
_cBK
945 _aInventariado extranjero / 2017 VM
956 _aYLOCKWARD
_810
_cBPMSU
999 _c11293
_d11293